| 000 | 00833cam a2200277 i 4500 | ||
|---|---|---|---|
| 001 | 200466713 | ||
| 003 | TR-AnTOB | ||
| 005 | 20251229153720.0 | ||
| 007 | ta | ||
| 008 | 251229s2006 tu 000 0 tur d | ||
| 040 |
_aTR-AnTOB _beng _erda _cTR-AnTOB |
||
| 041 | 0 | _atur | |
| 050 | 4 |
_aPN6222.T8 _bK3936 2006 |
|
| 090 |
_aPN6222.T8 _bK3936 2006 |
||
| 100 | 1 |
_aKazcı, Mehmet Emin, _d1962- _eauthor _9151366 |
|
| 245 | 1 | 0 |
_aMizah harmanı / _cM. Emin Kazcı. |
| 250 | _a1. Baskı. | ||
| 264 | 1 |
_a[Place of publication not identified] : _b[publisher not identified], _c2006. |
|
| 300 |
_a350 pages ; _c20 cm |
||
| 336 |
_atext _btxt _2rdacontent |
||
| 337 |
_aunmediated _bn _2rdamedia |
||
| 338 |
_avolume _bnc _2rdacarrier |
||
| 650 | 7 |
_aTürk nükte ve mizahı _2etuturkob _918646 |
|
| 942 |
_2lcc _cBK |
||
| 999 |
_c200466713 _d84925 |
||